Italy National Football Team 2015 - Statistics

General Stats
  • This quiz has been taken 171 times
  • The average score is 22 of 47
Answer Stats
Player Post Club Time Played % Correct
Gianluigi Buffon GK Juventus 654'
98%
Leonardo Bonucci DF Juventus 899'
96%
Giorgio Chiellini DF Juventus 700'
95%
Ciro Immobile ST Borussia Dortmund / FC Sevilla 193'
85%
Andrea Pirlo MF Juventus / New York City 270'
84%
Marco Verratti MF Paris SG 371'
82%
Salvatore Sirigu GK Paris SG 246'
81%
Matteo Darmian DF Torino / Manchester United 883'
80%
Graziano Pellè ST Southampton 631'
79%
Andrea Barzagli DF Juventus 253'
77%
Claudio Marchisio MF Juventus 257'
76%
Lorenzo Insigne ST SSC Napoli 0'
66%
Daniele De Rossi MF AS Roma 55'
62%
Marco Parolo MF Lazio 482'
59%
Antonio Candreva MF Lazio 562'
55%
Sebastian Giovinco ST Toronto FC 39'
54%
Alessandro Florenzi DF AS Roma 353'
53%
Ignazio Abate DF AC Milan 30'
53%
Riccardo Montolivo MF AC Milan 122'
53%
Eder ST Sampdoria 468'
51%
Simone Zaza ST Sassuolo / Juventus 87'
51%
Mattia De Sciglio DF AC Milan 495'
50%
Fabio Quagliarella ST Torino 0'
47%
Domenico Criscito DF Zenit 0'
45%
Stephan El Shaarawy ST AC Milan / AS Monaco 386'
45%
Federico Marchetti GK Lazio 0'
42%
Mattia Perin GK Genoa CFC 0'
39%
Andrea Ranocchia DF Inter Milan 190'
37%
Francesco Acerbi DF Sassuolo 0'
34%
Manolo Gabbiadini ST SSC Napoli 132'
34%
Davide Astori DF AS Roma / Fiorentina 90'
33%
Giacomo Bonaventura MF AC Milan 0'
29%
Emanuele Giaccherini MF Bologna 0'
25%
Alessandro Matri ST Juventus 17'
23%
Andrea Bertolacci MF Genoa CFC / AC Milan 225'
22%
Roberto Soriano MF Sampdoria 358'
20%
Stefano Okaka Chuka ST Anderlecht 40'
20%
Davide Santon DF Inter Milan 0'
16%
Luca Antonelli DF AC Milan 95'
16%
Alessio Cerci ST AC Milan 0'
15%
Manuel Pasqual DF Fiorentina 107'
15%
Daniele Padelli GK Torino 0'
13%
Mirko Valdifiori MF Empoli 67'
11%
Nicola Sansone ST Sassuolo 22'
11%
Franco Vazquez ST US Palermo 61'
9%
Lorenzo De Silvestri DF Sampdoria 27'
9%
Emiliano Moretti DF Torino 20'
7%
No matching quizzes found
Score Distribution
Percent of People with Each Score
Percentile by Number Answered
Your Score History
You have not taken this quiz